La propiedad intelectual en la República Dominicana / (Record no. 62712)

MARC details
000 -LEADER
campo de control de longitud fija 02072nam a2200181 4500
001 - NÚMERO DE CONTROL
campo de control 2050
005 - FECHA Y HORA DE LA ÚLTIMA TRANSACCIÓN
campo de control 20230410123511.0
008 - DATOS DE LONGITUD FIJA--INFORMACIÓN GENERAL
campo de control de longitud fija 060907n1984 dr spa
035 ## - NÚMERO DE CONTROL DEL SISTEMA
-- funglode2058
041 ## - CÓDIGO DE IDIOMA
Código de lengua del texto/banda sonora o título independiente ES
050 14 - SIGNATURA TOPOGRÁFICA DE LA BIBLIOTECA DEL CONGRESO
Número de clasificación KGQ 1570 P965 1984
245 03 - MENCIÓN DEL TÍTULO
Título La propiedad intelectual en la República Dominicana /
Mención de responsabilidad, etc. Compilador Cristóbal Gómez Yanguela
260 ## - PUBLICACIÓN, DISTRIBUCIÓN, ETC.
Lugar de publicación, distribución, etc. Santo Domingo :
Nombre del editor, distribuidor, etc. Publicaciones ONAP,
Fecha de publicación, distribución, etc. 1984
300 ## - DESCRIPCIÓN FÍSICA
Extensión 225 p.
520 ## - RESUMEN, ETC.
Sumario, etc. Código penal, 11. -- Reglamento no. 5027 de 5 de agosto de 1911 relativo a la protección artística y literaria, 13. -- Ley no. 5393 del 2 de noviembre de 1914 sobre registro y protección de la propiedad intelectual, 29. -- Ley no. 6132 del 15 de diciembre de 1962 de expresión y división del pensamiento, 47. -- Ley no. 40 del 4 de noviembre de 1963 de comunicaciones postales, 67. -- Ley no. 793 del 13 de junio de 1978 que exonera de todo tipo de aranceles, derechos de aduanas, tasas y otros impuestos de importación y de consumo, la importación de los equipos y materiales necesarios para el funcionamiento de lo medios de comunicación social, 69. -- Tratado para la protección de obras literarias y artística, 75. -- Convención sobre la propiedad literaria y artística, 81. -- Convención interamericana sobre derechos de autor en obras literarias, científicas y artísticas, 87. -- Convención sobre las medidas que debe adoptarse para prohibir e impedir la importación, la exportación y la transferencia de propiedad ilícita de bienes culturales, 97. -- Convención internacional sobre la protección de los artísticas interpretes o ejecutantes de los productores de fonogramas los organismos de radiodifusión, 111. -- Conveción universal sobre derechos de autor, 127. -- Convenio para la protección de los productos de fonogramas contra la reproducción no autorizada de sus fonogramas, 155. -- Convenio sobre la distribución de señales portadoras de programas transmitidas por satelite, 163
700 ## - ENTRADA AGREGADA--NOMBRE PERSONAL
Nombre de persona Gómez Yanguela, Cristóbal, comp
942 ## - ELEMENTOS DE ENTRADA SECUNDARIOS (KOHA)
Fuente del sistema de clasificación o colocación Clasificación de Library of Congress
Tipo de ítem Koha
Holdings
Estatus retirado Estado de pérdida Fuente del sistema de clasificación o colocación Estado de daño No para préstamo Colección Biblioteca de origen Biblioteca actual Ubicación en estantería Fecha de adquisición Serial enumeration / chronology Signatura topográfica completa Código de barras Visto por última vez Tipo de ítem Koha
    Clasificación de Library of Congress     Ciencias Sociales Biblioteca Juan Bosch Biblioteca Juan Bosch Ciencias Sociales (3er. Piso) 24/10/2018 1 KGQ 1570 P965 1984 00000006480 24/10/2018